Loading...
| Current Events | 1 | 10.00 | 100% | 0% | 0% |
| Fine Arts - Auditory Fine Arts | 4 | 10.00 | 100% | 0% | 0% |
| Fine Arts - Other Fine Arts | 6 | 10.00 | 83% | 17% | 0% |
| Fine Arts - Visual Fine Arts | 4 | 15.00 | 100% | 25% | 25% |
| Geography | 2 | 15.00 | 100% | 50% | 0% |
| History - American History | 3 | 13.33 | 100% | 33% | 0% |
| History - European History | 4 | 15.00 | 100% | 50% | 0% |
| History - Other History | 5 | 16.00 | 100% | 60% | 0% |
| History - World History | 4 | 10.00 | 75% | 25% | 0% |
| Literature - American Literature | 4 | 10.00 | 75% | 0% | 25% |
| Literature - British Literature | 4 | 12.50 | 100% | 25% | 0% |
| Literature - European Literature | 4 | 10.00 | 100% | 0% | 0% |
| Literature - World Literature | 6 | 10.00 | 83% | 17% | 0% |
| Other Academic | 1 | 20.00 | 100% | 100% | 0% |
| Philosophy | 6 | 10.00 | 100% | 0% | 0% |
| Religion | 4 | 10.00 | 75% | 0% | 25% |
| Science - Biology | 4 | 17.50 | 100% | 75% | 0% |
| Science - Chemistry | 6 | 13.33 | 83% | 50% | 0% |
| Science - Other Science | 5 | 12.00 | 100% | 20% | 0% |
| Science - Physics | 3 | 10.00 | 100% | 0% | 0% |
| Social Science | 4 | 12.50 | 100% | 25% | 0% |